00908nam a2200241Ia 4500001000600000003000900006008004100015040001300056040001300069041001300082100001600095100002900111245006100140245008600201250001100287260000900298260001200307260004900319300005700368500018600425650002400611650003100635H0771IT-RoPAU130308s9999 xx 000 0 und d aIT-RoPAU cIT-RoPAU aITALIANO aDusi Nicola gCodice Aut. SPICS: 43689 aForme del trailer come manipolazione Intrasemiotica (Le) bTrailer, Spot, Clip, Siti, Banner. Le forme brevi della Comunicazione Audiovisiva a1a ed. aROMA bMeltemi c2002 [1° Ed.:2002 - Ed.Ling.Originale:2002] a"36 p. (prefazione: no ; testo: 36 [pagine: 31-66])" aBreve Storia del Prossimamente. Sintesi, Riassunto, Depistaggio. Attorno Atrainspotting. Mission Impossible 1 e 2. Dal Trailer al Promo. in Vista Diuna Tipologia. I titoli di Testa. aSAGGI DI SEMIOLOGIA eCodice materia Spics: 3257